000 00387nam a22001577a 4500
020 _a9780367633233
082 _a305.5688
_bANA/D
100 _aAnand Teltumbde
245 _aDalits:
_bpast, present and future/
_cby Anand Teltumbde
250 _a2nd ed.
260 _aNew York:
_bRoutledge,
_c2020.
300 _a194p.
650 _aDalits
650 _aSocial Sciences
942 _cBK
999 _c181498
_d181498